|
|
|
|
| LEADER |
00000nab#a22000007a#4500 |
| 001 |
arbauad000636 |
| 003 |
AR-BaUAD |
| 005 |
20250711110407.0 |
| 008 |
930607|||||||||###||||||b###|0###a|spa|| |
| 040 |
|
|
|a AR-BaUAD
|c AR-BaUAD
|b spa
|
| 100 |
|
|
|a Weiss, Philip
|
| 245 |
|
|
|a Going solo /
|c Philip Weiss;
|
| 300 |
0 |
|
|b p. 242, 250, 258: fot.
|
| 653 |
|
|
|a TEATRO UNDERGROUND
|
| 653 |
|
|
|a ESTADOS UNIDOS
|
| 773 |
0 |
|
|t VOGUE
|g v. 183, no. 4 [abr. 1993]
|
| 942 |
|
|
|c ARTI
|
| 952 |
|
|
|0 0
|1 0
|4 0
|7 0
|9 45557
|a AR-BAuAD
|b AR-BAuAD
|d 2025-07-11
|l 0
|p AAQA000636
|r 2025-07-11 11:04:06
|w 2025-07-11
|y ARTI
|
| 990 |
|
|
|a C199
|b TD
|
| 998 |
|
|
|a AAQ
|b BIBUN76
|
| 999 |
|
|
|c 25230
|d 25230
|